00421nam a22001457a 450000500170000000800410001702000130005804100250007108200130009610000250010924500410013426000450017530000290022065000260024920240311083545.0240311b |||||||| |||| 00| 0 eng d a02577747 aAfrikaans / English  a349 TYD  lAfrikaans / English  aTydskrif vir die Suid-Afrikaanse Reg aKaapstad : bJuta en Kie Beperk, c1999 b190 blaadsye ; c25 cm.  aLegal practice bLaw